Polskie miasta na literę "B" - Statystyki

Ogólne statystyki
  • Ten quiz został rozwiązany 1 929 razy
    858 od ostatniego zresetowania
  • Średni wynik to 15 z 70
Statystyki odpowiedzi
ludność odpowiedź % Poprawnych
297 000 Białystok
90%
344 100 Bydgoszcz
89%
169 800 Bielsko-Biała
78%
163 300 Bytom
77%
2 300 Biała
68%
57 000 Biała podlaska
61%
56 000 Będzin
51%
56 400 Bełchatów
49%
38 500 Bolesławiec
46%
16 800 Bytów
45%
35 200 Brzeg
42%
25 000 Bielsk podlaski
38%
26 100 Biłgoraj
33%
29 600 Bochnia
33%
23 000 Bartoszyce
32%
16 700 Brzesko
32%
15 600 Busko-Zdrój
31%
24 000 Białogard
28%
17 000 Braniewo
27%
28 700 Brodnica
24%
19 400 Bieruń
23%
5 600 Buk
23%
29 500 Bielawa
20%
13 600 Barlinek
19%
6 500 Białobrzegi
19%
4 700 Bolków
18%
7 200 Brzozów
18%
12 500 Brzeg dolny
16%
12 400 Brzeziny
16%
3 000 Biała Rawska
15%
3 800 Bobolice
15%
13 700 Brwinów
15%
1 400 Baranów Sandomierski
14%
11 000 Brzeszcze
14%
4 000 Bytom Odrzański
13%
6 200 Boguchwała
12%
3 800 Babimost
11%
3 700 Biała Piska
11%
4 400 Biecz
11%
12 100 Błonie
11%
2 400 Bardo
10%
4 500 Bierutów
10%
4 600 Brześć Kujawski
10%
9 100 Bystrzyca Kłodzka
10%
10 600 Biskupiec
9%
9 200 Blachownia
9%
7 000 Barcin
8%
2 100 Biały Bór
8%
2 100 Bodzentyn
8%
3 500 Brańsk
8%
7 400 Barczewo
7%
2 100 Błażowa
7%
1 700 Brok
7%
5 100 Brusy
7%
9 800 Bukowno
7%
4 500 Bychawa
7%
6 000 Bełżyce
6%
2 700 Brzostek
6%
2 200 Bisztynek
5%
3 000 Bobowa
5%
1 100 Bodzanów
5%
900 Bolimów
5%
2 400 Borek Wielkopolski
5%
4 600 Budzyń
5%
3 400 Byczyna
5%
2 800 Baborów
4%
3 500 Barwice
4%
1 700 Bieżuń
4%
2 800 Bojanowo
4%
15 200 Bogoszów-Gorce
2%
Nie znaleziono quizów pasujących do podanych kryteriów
Rozkład punktacji
Procent ludzi z każdym wynikiem
Percentyl według liczby udzielonych odpowiedzi
Twoja historia wyników
Nie rozwiązałeś tego quizu od ostatniego zresetowania